Every Song by Fleshwater - Statistics

General Stats
  • This quiz has been taken 17 times
    10 since last reset
  • The average score is 17 of 24
Answer Stats
Album Song % Correct
2000: In Search of the Endless Sky(2025) Endless Sky
100%
2000: In Search of the Endless Sky(2025) Green Street
100%
2000: In Search of the Endless Sky(2025) Jetpack
100%
2000: In Search of the Endless Sky(2025) Silverine
100%
2000: In Search of the Endless Sky(2025) Be Your Best
83%
2000: In Search of the Endless Sky(2025) Drowning Song
83%
2000: In Search of the Endless Sky(2025) Jerome Town
83%
We're Not Here to Be Loved(2022) Kiss the Ladder
83%
2000: In Search of the Endless Sky(2025) Last Escape
83%
2000: In Search of the Endless Sky(2025) Raging Storm
83%
2000: In Search of the Endless Sky(2025) Sundown
83%
We're Not Here to Be Loved(2022) The Razor's Apple
83%
We're Not Here to Be Loved(2022) Woohoo
83%
We're Not Here to Be Loved(2022) Closet
67%
Non-Album(2024) Standalone
67%
demo2020(2020) What Was Really Said
67%
We're Not Here to Be Loved(2022) Backstairs Breathing
50%
We're Not Here to Be Loved(2022) Baldpate Driver
50%
We're Not Here to Be Loved(2022) Foreign
50%
We're Not Here to Be Loved(2022) Linda Claire
50%
Sounds of Grieving(2023) Save These Memories
50%
Sounds of Grieving(2023) Sounds of Grieving
50%
Sounds of Grieving(2023) I’m Not Here
33%
demo2020(2020) This, If Anything
33%
No matching quizzes found
Score Distribution
Percent of People with Each Score
Percentile by Number Answered
Your Score History
You have not taken this quiz since the last reset